| 000 | 01109nam a2200289 a 4500 | ||
|---|---|---|---|
| 008 | 970505s1997 m yxo r 0 slo c | ||
| 020 |
_a8071183709 _c49 |
||
| 040 |
_aSNK _bslo _cSNK _eAACR2 |
||
| 041 | 1 |
_aslo _hger |
|
| 044 |
_axo _cSK |
||
| 080 | _a730.02(035) | ||
| 100 | 1 |
_aLang, Josef _d1947- _4aut _4pht |
|
| 240 | 1 | 0 |
_aKleinplastiken modellieren für Einsteiger _lSlovensky |
| 245 | 1 | 0 |
_aÚvod do sochárstva _bmalé plastiky z hliny : techniky a návody na 150 obrázkoch _cJosef Lang ; [z nemeckého originálu preložila Ľudmila Strukelyová] |
| 260 |
_aBratislava _bIKAR _c1997 |
||
| 300 |
_a79 s. _bfotogr. _c27 cm |
||
| 500 | _aRozlož. fotogr. na tit. strane | ||
| 500 | _aÚdaj o prekl. prevzatý z tiráže | ||
| 500 | _aFotogr. Annette Hempflingová, Josef Lang | ||
| 504 | _aOdborné termíny | ||
| 650 | 0 | 7 |
_asochárstvo _xmodelovanie _xpríručky _2SNK |
| 700 | 1 |
_aStrukelyová, Ľudmila _4trl |
|
| 700 | 1 |
_aHempfling, Annette _4pht |
|
| 730 | _tKleinplastiken modellieren für Einsteiger | ||
| 765 | 0 |
_tKleinplastiken modellieren für Einsteiger _aLang, Josef, 1947- |
|
| 958 | _aAPP | ||
| 999 |
_c14907 _d14907 |
||